Методы научных исследований (Запись № 13187834)

Подробности
000 -МАРКЕР
контрольное поле 02989nam0a2200397 4500
001 - ИДЕНТИФИКАТОР ЗАПИСИ
контрольное поле RU\NLR\BIBL_A\012802660
005 - ИДЕНТИФИКАТОР ВЕРСИИ
контрольное поле 20221012172440.0
010 ## - МЕЖДУНАРОДНЫЙ СТАНДАРТНЫЙ НОМЕР КНИГИ (ISBN)
Номер (ISBN) 978-5-8209-2038-7
Тираж 500
021 ## - НОМЕР ГОСУДАРСТВЕННОЙ РЕГИСТРАЦИИ
Код страны Российская Федерация
Номер КН-П-22-012043
Номер Листа государственной регистраци КН-П-22-1024
035 ## - ДРУГИЕ СИСТЕМНЫЕ НОМЕРА
Идентификатор записи (NLR Aleph) 012802660
035 ## - ДРУГИЕ СИСТЕМНЫЕ НОМЕРА
Идентификатор записи (RuMoRGB)010993278
100 ## - ДАННЫЕ ОБЩЕЙ ОБРАБОТКИ
Данные общей обработки 20220527d2022 u y0rusy50 ca
101 0# - ЯЗЫК РЕСУРСА
Язык текста, звукозаписи и т.д. русский
102 ## - СТРАНА ПУБЛИКАЦИИ ИЛИ ПРОИЗВОДСТВА
Страна публикации Российская Федерация
105 ## - ПОЛЕ КОДИРОВАННЫХ ДАННЫХ: ТЕКСТОВЫЕ МАТЕРИАЛЫ, МОНОГРАФИЧЕСКИЕ
Кодированные данные о монографическом текстовом документе y z 000zy
181 #0 - ПОЛЕ КОДИРОВАННЫХ ДАННЫХ: ВИД СОДЕРЖАНИЯ
Код вида содержания (ISBD) i
Код характеристики содержания (ISBD) axxe
182 #0 - ПОЛЕ КОДИРОВАННЫХ ДАННЫХ: ТИП СРЕДСТВА
Код типа средства (ISBD) n - непосредственное
200 1# - ЗАГЛАВИЕ И СВЕДЕНИЯ ОБ ОТВЕТСТВЕННОСТИ
Основное заглавие Методы научных исследований
Сведения, относящиеся к заглавию учебно-методическое пособие
Первые сведения об ответственности В. В. Анисимова, Т. А. Волкова
Последующие сведения об ответственности Министерство науки и высшего образования Российской Федерации, Кубанский государственный университет
203 ## - ВИД СОДЕРЖАНИЯ И ТИП СРЕДСТВА
Вид содержания Текст
Дополнительные сведения об издании визуальный
Тип средства непосредственный
210 ## - ПУБЛИКАЦИЯ, РАСПРОСТРАНЕНИЕ И ДР.
Место издания, распространения и т.д. Краснодар
Имя издателя, распространителя и т. д. Кубанский государственный университет
Дата издания, распространения и т.д. 2022
215 ## - ФИЗИЧЕСКАЯ ХАРАКТЕРИСТИКА
Специфическое обозначение материала и объем 183 с.
Размеры 21
320 ## - ПРИМЕЧАНИЯ О НАЛИЧИИ В ДОКУМЕНТЕ БИБЛИОГРАФИИ / УКАЗАТЕЛЯ
Текст примечания Библиогр.: с. 154-156 и в подстроч. примеч.
330 ## - РЕЗЮМЕ ИЛИ РЕФЕРАТ
Текст примечания В пособии представлены материалы для лекционных занятий, учебно-методическое обеспечение, задания для самостоятельной и аудиторной работы, рекомендуемая литература и глоссарий. Данное пособие учитывает особенность специализации в образовании бакалавров и составляет основу для успешного осуществления дальнейшей профессиональной деятельности
606 1# - НАИМЕНОВАНИЕ ТЕМЫ КАК ПРЕДМЕТ
Наименование темы Научно-исследовательская работа
Формальный подзаголовок Учебно-методические пособия для высших учебных заведений
Системный номер авторитетной/нормативной записи 924141
Идентификатор авторитетной/нормативной записи RU\NLR\AUTH\6620470
606 1# - НАИМЕНОВАНИЕ ТЕМЫ КАК ПРЕДМЕТ
Наименование темы Научные исследования
Формальный подзаголовок Учебно-методические пособия для высших учебных заведений
Тематический подзаголовок Методы
Системный номер авторитетной/нормативной записи 2482813
Идентификатор авторитетной/нормативной записи RU\NLR\AUTH\6601690250
606 1# - НАИМЕНОВАНИЕ ТЕМЫ КАК ПРЕДМЕТ
Наименование темы Туризм
Формальный подзаголовок Учебно-методические пособия для высших учебных заведений
Тематический подзаголовок Научно-исследовательская работа
Системный номер авторитетной/нормативной записи 2188589
Идентификатор авторитетной/нормативной записи RU\NLR\AUTH\6601551681
686 1# - ИНДЕКСЫ ДРУГИХ КЛАССИФИКАЦИЙ
Индекс Ч215я73
686 1# - ИНДЕКСЫ ДРУГИХ КЛАССИФИКАЦИЙ
Индекс Ч518.1е.я73
686 1# - ИНДЕКСЫ ДРУГИХ КЛАССИФИКАЦИЙ
Индекс Ю251.51я73
700 #1 - ИМЯ ЛИЦА - ПЕРВИЧНАЯ ОТВЕТСТВЕННОСТЬ
Начальный элемент ввода Анисимова
Часть имени, кроме начального элемента ввода В. В.
Дополнения к именам, кроме дат канд. геогр. наук
Даты 1984-
Расширение инициалов личного имени Виктория Викторовна
Системный номер авторитетной/нормативной записи 136193
Идентификатор авторитетной/нормативной записи RU\NLR\AUTH\770136228
701 #1 - ИМЯ ЛИЦА - АЛЬТЕРНАТИВНАЯ ОТВЕТСТВЕННОСТЬ
Начальный элемент ввода Волкова
Часть имени, кроме начального элемента ввода Т. А.
Дополнения к именам, кроме дат канд. геогр. наук, туризм
Даты 1983-
Расширение инициалов личного имени Татьяна Александровна
Системный номер авторитетной/нормативной записи 136192
Идентификатор авторитетной/нормативной записи RU\NLR\AUTH\770136227
942 ## - ДОПОЛНИТЕЛЬНЫЕ ЭЛЕМЕНТЫ ЗАПИСИ (АБИС)
Тип экземпляра АБИС Книга
980 ## - КОЛЛЕКЦИЯ
Название коллекции Национальная библиография
Экземпляры
Тип экземпляра Дата поступления Источник поступления Библиотека постоянного хранения Библиотека текущего хранения Место хранения Шифр хранения Штрих-код Статус экземпляра
Книга 27.05.2022 Обязательный экземпляр РНБ (Московский) РНБ (Московский) Русский книжный фонд: издания с 1957 года 2022-3/14064 1-3827853  
Книга 27.05.2022 Обязательный экземпляр РНБ (Московский) РНБ (Московский) Русский книжный фонд: издания с 1957 года 2022-3/14064 1-3827854